El profesional en mercadotecnia y ventas /

Furkejuvvon:
Bibliográfalaš dieđut
Váldodahkki: Kuri Juaristi, Jorge Omar (autor)
Materiálatiipa: Oahppočájánas Girji
Giella:espánnjágiella
Fáttát:
Fáddágilkorat: Lasit fáddágilkoriid
Eai fáddágilkorat, Lasit vuosttaš fáddágilkora!

MARC

LEADER 00000nam^a2200000^a^4500
001 000154767
005 20250521000000.0
009 20260310100404.993
037 |a Acervo ITESO - Biblioteca 
041 |a ESP 
090 |a LAM. 494 
100 |a Kuri Juaristi, Jorge Omar  |e (autor) 
245 1 3 |a El profesional en mercadotecnia y ventas /  |c J.O. Kuri Juaristi. 
264 |a Guadalajara, México :  |b edición de autor,  |c 2003 
300 |a 1 disco compacto de computadora 
336 |a datos para computadora  |b cod  |2 rdacontenido 
337 |a computadora  |b c  |2 rdamedio 
338 |a disco de computadora  |b cd  |2 rdasoporte 
502 |a ITESO Reporte Profesional de Licenciatura en Administración Area Mercadotecnia 
649 |a XX 
650 |a Administradores -  |x Prácticas Profesionales 
650 |a Vendedores 
650 |a Profesionistas 
650 |a Ventas 
650 |a Promoción del Producto 
650 |a Motivación (Mercadotecnia) 
650 |a Mezcla de Mercadotecnia 
650 |a Mercadotecnia 
650 |a Recursos Humanos 
650 |a Administración 
650 |a Ciencias Administrativas 
910 |a Fondo General 
920 |a Electrónicos - Tesis del ITESO en Disco 
905 |a 202 
901 |a 0500086607  |b IT2  |c STS  |u 20250521 
902 |a https://opac.biblio.iteso.mx/vufind/Record/000154767